000
00322nam a2200133Ia 4500
008
231129s1968||||xx |||||||||||||| ||spa||
040
_b
spa
082
_a
193 R631
100
_a
Robberechts Ludovic
245
0
_a
El pensamiento de Husserl
260
_c
1968
264
_a
Fondo de Cultura Económica
942
_2
ddc
_c
BKS
999
_c
12027
_d
12027